000 00568nam a2200181Ia 4500
003 GCL
008 140319s9999 xx 000 0 ara d
040 _aGCL /
_cGCL
082 0 4 _a262
_bا ت
100 1 _aالسيد محمود ابوالغيطى المنوفى
245 1 0 _aالتصوف الاسلامى الخالص /
_cالسيد محمود ابوالغيطى المنوفى
300 _a219 ص
490 _a
650 0 4 _aالاسلام
650 0 4 _aالتصوف الاسلامى
650 0 4 _aالتصوف، المصدر الهندى
942 _2ddc
_cBK
999 _c42722
_d42722